000 00269nam a2200109Ia 4500
008 220204s9999 xx 000 0 und d
082 _a651
_bFIN
245 0 _aLeadership in the office
260 _aBombay
_bTaraporevala
_c1977
700 _aFinley, Robert E
942 _cBK
999 _c30372
_d30372